Great drawings of all time. tomo 4 /
Guardado en:
| Autor Principal: | |
|---|---|
| Formato: | Libro |
| Publicado: |
New York :
Shorewood,
1962
|
| Materias: | |
| Etiquetas: |
Agregar Etiqueta
Sin Etiquetas, Sea el primero en etiquetar este registro!
|
| LEADER | 00470nam a22001455a 4500 | ||
|---|---|---|---|
| 001 | EHU.bham006113 | ||
| 003 | AR-BHAM | ||
| 005 | 20140407201446.0 | ||
| 008 | 130507s1962##################000#0#####d | ||
| 082 | 7 | 4 | |a 741.9 |
| 100 | 1 | |a Moskowitz, Ira | |
| 245 | 1 | 0 | |a Great drawings of all time. tomo 4 / |c Ira Moskowitz. |
| 260 | |a New York : |b Shorewood, |c 1962 | ||
| 653 | |a Dibujo-colecciones | ||
| 859 | |a AR-BHAM |b BIB. HUMANIDADES - Lectura de escasa demanda |h 741.9 |i M853 |p 162.66 |t Ej.1 |v IV LED1592 |3 IV | ||
